Buckling of bars plates and shells (Record no. 12403)

MARC details
000 -LEADER
fixed length control field 00242nam a22001097a 4500
082 ## - DEWEY DECIMAL CLASSIFICATION NUMBER
Classification number 624.171BRU
100 ## - MAIN ENTRY--AUTHOR NAME
Personal name Brush Don O
245 ## - TITLE STATEMENT
Title Buckling of bars plates and shells
260 ## - PUBLICATION, DISTRIBUTION, ETC. (IMPRINT)
Place of publication London
Name of publisher McGrwa Hill
Year of publication 1975
300 ## - PHYSICAL DESCRIPTION
Number of Pages 379
942 ## - ADDED ENTRY ELEMENTS (KOHA)
Koha item type Books
Holdings
Withdrawn status Lost status Home library Current library Date acquired Cost, normal purchase price Full call number Accession Number Koha item type
    Central Library, QUEST, Nawabshah Central Library, QUEST, Nawabshah 23/02/2015 130.00 624.171BRU 7382 Books